جزبات مہرو / (Record no. 193021)

MARC details
000 -LEADER
fixed length control field 00681nam a22001937a 4500
005 - DATE AND TIME OF LATEST TRANSACTION
control field 20221013145708.0
010 ## - LCCN (DPL NO)
LC control number UR-11753
020 ## - INTERNATIONAL STANDARD BOOK NUMBER
International Standard Book Number 9789394616042
Terms of availability 200.00
035 ## - SYSTEM CONTROL NUMBER
System control number U-10308
037 ## - SOURCE OF ACQUISITION
Source of stock number/acquisition DBAD/PUB
Stock number -
082 ## - DEWEY DECIMAL CLASSIFICATION NUMBER
Classification number 841
100 ## - MAIN ENTRY--PERSONAL NAME
Personal name مہر النسا ء بیگم مہرو
245 ## - TITLE STATEMENT
Title جزبات مہرو /
Statement of responsibility, etc مہر النسا ء بیگم مہرو
Medium ا ر د و
246 ## - VARYING FORM OF TITLE
Title proper/short title Jazbaath-E-Mehru (collection of Ghazals) /
Remainder of title by Mehrunnisa Begam Mehru
260 ## - PUBLICATION, DISTRIBUTION, ETC. (IMPRINT)
Place of publication, distribution, etc New Delhi
Name of publisher, distributor, etc Educational Publishing House
Date of publication, distribution, etc 2022 ء
270 ## - ADDRESS
Address H.O. D1/16, Ansari Road, daryaganj
City New Delhi
Postal code 110006
300 ## - PHYSICAL DESCRIPTION
Extent 144 ص
Dimensions 23cm(Hb)
942 ## - ADDED ENTRY ELEMENTS (KOHA)
Source of classification or shelving scheme Dewey Decimal Classification
Item type Urdu Bks
Classification part 841
Call number suffix م ہ ر
Holdings
Withdrawn status Lost status Not for loan Collection code Home library Current library Date acquired Source of acquisition Cost, normal purchase price Full call number Barcode Copy number Cost, replacement price Koha item type
      Non-fiction Central Library Central Library 13/10/2022 DBAD/PUB 200.00 841 م ہ ر U-10308 1 200.00 Urdu Bks

© Delhi Public Library
Hit Counter
free hit counter